000 00514nam a2200205Ia 4500
003 LK-CoDNM
005 20240320115909.0
008 010623t1916 xxu||||| |||| 00| 1 eng d
040 _aLK-CoDNM
_dLK-CoDNM
_eLK-CoDNM
041 _aeng
080 _aA98
100 _aPoussin,L.D.L.V.
245 _aNiddesa:I Mahaniddesa
260 _bThe Pali Text Society
_aLondon
_c1916
300 _bDamaged
_avii,535p.,25 cm
490 _vVol.1
650 _aSuthra Pitaka.
700 _aThomas ,E.J.
_eed..
942 _cBK
999 _c88720
_d88720